000 00762nam a2200229 a 4500
003 OSt
005 20130628153257.0
008 130628s1993 sz ||||| |||| 00| 0 spa d
022 _a92 4 320830 6
040 _cBiblioteca Medicina
041 _aspa
082 _aOMS IT 830
110 _aOrganizacion Mundial de la Salud
_91006
245 0 0 _aControl de la esquistosomiasis.
_bSegundo informe del Comite de Expertos de la OMS
250 _a1° ed.
260 _aGinebra
_bOrganizacion Mundial de la Salud
_c1993
300 _a93 p.
440 0 0 _aInformes Tecnicos
_n830
_92473
653 _aESQUISTOSOMIASIS-PREVENCION Y CONTROL
942 _2ddc
_cPH
999 _c1537
_d1537
952 _pH0057
_40
_00
_bBFM
_10
_oOMS IT 830
_d2013-06-28
_tEj. 1
_8NFIC
_70
_cCR
_2ddc
_yPH
_aBFM